Southville International School and Colleges
Your cart is empty.
  • Cart
  • Lists
    Public lists Eva Luna New books Lux_list list_1
    Your lists Log in to create your own lists
  • Log in to your account
  • Your cookies
  • Search history
Southville International School and Colleges
  • Advanced search
  • Recent comments
  • Most popular
  • Libraries

Log in to your account

Log in with GOOGLE


If you do not have an external account, but do have a local account, you can still log in:

  1. Home
  2. MARC view: Fundamentals of financial management /
Normal view MARC view ISBD view

Fundamentals of financial management / (Record no. 15547)

[ view plain ]
MARC details
000 -LEADER
fixed length control field 01473cam a2200433 a 4500
001 - CONTROL NUMBER
control field 15511920
003 - CONTROL NUMBER IDENTIFIER
control field OSt
005 - DATE AND TIME OF LATEST TRANSACTION
control field 20140310182740.0
008 - FIXED-LENGTH DATA ELEMENTS--GENERAL INFORMATION
fixed length control field 081105s2009 ohua b 001 0 eng d
010 ## - LIBRARY OF CONGRESS CONTROL NUMBER
LC control number 2008941113
015 ## - NATIONAL BIBLIOGRAPHY NUMBER
National bibliography number GBA928522
Source bnb
016 7# - NATIONAL BIBLIOGRAPHIC AGENCY CONTROL NUMBER
Record control number 014932705
Source Uk
020 ## - INTERNATIONAL STANDARD BOOK NUMBER
International Standard Book Number 9780324597714
020 ## - INTERNATIONAL STANDARD BOOK NUMBER
International Standard Book Number 0324597711
020 ## - INTERNATIONAL STANDARD BOOK NUMBER
International Standard Book Number 9780324597707 (student ed.)
020 ## - INTERNATIONAL STANDARD BOOK NUMBER
International Standard Book Number 0324597703 student ed.)
020 ## - INTERNATIONAL STANDARD BOOK NUMBER
International Standard Book Number 9780324235968 (Thomson One access code)
020 ## - INTERNATIONAL STANDARD BOOK NUMBER
International Standard Book Number 0324235968 (Thomson One access code)
020 ## - INTERNATIONAL STANDARD BOOK NUMBER
International Standard Book Number 9789814352598
035 ## - SYSTEM CONTROL NUMBER
System control number (OCoLC)ocn316431307
040 ## - CATALOGING SOURCE
Original cataloging agency UKM
Transcribing agency UKM
Modifying agency YDXCP
-- UVU
-- CUY
-- TOH
-- SINLB
-- DLC
042 ## - AUTHENTICATION CODE
Authentication code lccopycat
050 00 - LIBRARY OF CONGRESS CALL NUMBER
Classification number HG 4026
Item number .B855 2011
100 1# - MAIN ENTRY--PERSONAL NAME
Personal name Brigham, Eugene F.,
Dates associated with a name 1930-
245 10 - TITLE STATEMENT
Title Fundamentals of financial management /
Statement of responsibility, etc Eugene F. Brigham, Joel F. Houston.
250 ## - EDITION STATEMENT
Edition statement 12th ed.
260 ## - PUBLICATION, DISTRIBUTION, ETC. (IMPRINT)
Place of publication, distribution, etc Mason, OH :
Name of publisher, distributor, etc South-Western Cengage Learning,
Date of publication, distribution, etc 2011.
300 ## - PHYSICAL DESCRIPTION
Extent xxiii, 736, [47] p. :
Other physical details col. ill. ;
Dimensions 29 cm.
521 ## - TARGET AUDIENCE NOTE
Target audience note
650 #0 - SUBJECT ADDED ENTRY--TOPICAL TERM
Topical term or geographic name as entry element Corporations
General subdivision Finance.
650 #0 - SUBJECT ADDED ENTRY--TOPICAL TERM
Topical term or geographic name as entry element Corporations
General subdivision Finance
Form subdivision Problems, exercises, etc.
650 #0 - SUBJECT ADDED ENTRY--TOPICAL TERM
Topical term or geographic name as entry element Business enterprises
Geographic subdivision United States
General subdivision Finance.
650 #0 - SUBJECT ADDED ENTRY--TOPICAL TERM
Topical term or geographic name as entry element Business enterprises
Geographic subdivision United States
General subdivision Finance
Form subdivision Problems, exercises, etc.
700 1# - ADDED ENTRY--PERSONAL NAME
Personal name Houston, Joel F.
906 ## - LOCAL DATA ELEMENT F, LDF (RLIN)
a 7
b cbc
c copycat
d 3
e ncip
f 20
g y-gencatlg
942 ## - ADDED ENTRY ELEMENTS (KOHA)
Source of classification or shelving scheme Library of Congress Classification
Koha item type Books
Call number prefix Foreign
Holdings
Withdrawn status Lost status Source of classification or shelving scheme Damaged status Home library Current library Shelving location Date acquired Total Checkouts Total Renewals Full call number Barcode Date last seen Date checked out Copy number Price effective from Koha item type
    Library of Congress Classification   College Library College Library General Circulation Section 11/25/2011 5 31 HG 4026 .B855 2011 C14226 05/15/2018 07/18/2017 1 10/18/2013 Books

Fundamentals of financial management /

APA

Brigham E. F., Houston J. F., . (2011). Fundamentals of financial management. Mason, OH: South-Western Cengage Learning.

Chicago

Brigham Eugene F, Houston Joel F, . 2011. Fundamentals of financial management. Mason, OH: South-Western Cengage Learning.

Harvard

Brigham E. F., Houston J. F., . (2011). Fundamentals of financial management. Mason, OH: South-Western Cengage Learning.

MLA

Brigham Eugene F, Houston Joel F, . Fundamentals of financial management. Mason, OH: South-Western Cengage Learning. 2011.

  • Place hold
  • Print
  • Cite
  • Add to your cart (remove)
  • Save record
    BIBTEX Dublin Core MARCXML MARC (non-Unicode/MARC-8) MARC (Unicode/UTF-8) MARC (Unicode/UTF-8, Standard) MODS (XML) RIS
  • More searches
    Search for this title in:
    Other Libraries (WorldCat) Other Databases (Google Scholar) Online Stores (Bookfinder.com) Open Library (openlibrary.org)

Exporting to Dublin Core...

SOUTHVILLE LIBRARY

Southville International School and Colleges Library

1281 Tropical Ave. Cor. Luxembourg St., BF Homes International, Las Pinas City

Tel. No. 8256374 / 252358 Loc. 117/146

Powered by Koha